书目信息 |
| 题名: |
MATLAB程序设计教程
|
|
| 作者: | 刘卫国 主编 | |
| 分册: | ||
| 出版信息: | 北京 中国水利水电出版社 2005 |
|
| 页数: | 301页 | |
| 开本: | 26cm | |
| 丛书名: | ||
| 单 册: | ||
| 中图分类: | TP391.75 | |
| 科图分类: | ||
| 主题词: | 算法语言 , 程序设计 , 算法语言--程序设计--高等学校--教材 , 计算机应用 | |
| 电子资源: | ||
| ISBN: | 7-5084-2660-6 | |
| 000 | 00931nam0 2200277 450 | |
| 001 | 002926180 | |
| 005 | 20061101083916.18 | |
| 010 | @a7-5084-2660-6@dCNY30.00 | |
| 100 | @a20050707d2005 em y0chiy0110 ea | |
| 101 | 0 | @achi |
| 102 | @aCN@b110000 | |
| 105 | @ay z 001yy | |
| 200 | 1 | @aMATLAB程序设计教程@9MATLAB cheng xu she ji jiao cheng@f刘卫国主编 |
| 210 | @a北京@c中国水利水电出版社@d2005 | |
| 215 | @a301页@d26cm | |
| 300 | @a21世纪高等院校规划教材 | |
| 330 | @a本书包括MATLAB操作基础、MATLAB矩阵及其运算、MATLAB程序设计、MATLAB文件操作、MATLAB绘图、MATLAB数据分析与多项式计算、MATLAB解方程与函数极值、MATLAB数值积分与微分等内容。 | |
| 606 | 0 | @a算法语言 |
| 606 | 0 | @a程序设计 |
| 606 | 0 | @a算法语言@x程序设计@x高等学校@j教材 |
| 606 | 0 | @a计算机应用 |
| 610 | 0 | @aMATLAB |
| 690 | @aTP391.75@v4 | |
| 701 | 0 | @a刘卫国@9liu wei guo@c(计算机)@4主编 |
| 801 | 0 | @aCN@bNLC@c20061101 |
| 905 | @a10447@dTP391.75@e250 | |
| MATLAB程序设计教程/刘卫国主编.-北京:中国水利水电出版社,2005 |
| 301页;26cm |
| 21世纪高等院校规划教材 |
| ISBN 7-5084-2660-6:CNY30.00 |
| 本书包括MATLAB操作基础、MATLAB矩阵及其运算、MATLAB程序设计、MATLAB文件操作、MATLAB绘图、MATLAB数据分析与多项式计算、MATLAB解方程与函数极值、MATLAB数值积分与微分等内容。 |
| ● |
| 相关链接 |
|
|
|
|
正题名:MATLAB程序设计教程
索取号:TP391.75/250
 
预约/预借
| 序号 | 登录号 | 条形码 | 馆藏地/架位号 | 状态 | 备注 |
| 1 | 0386446 | 203864461 | 第二样本阅览室/ [索取号:TP391.75/250] | 在馆 | |
| 2 | 0386447 | 203864470 | 第三借阅区/ [索取号:TP391.75/250] | 在馆 | |
| 3 | 0386448 | 203864489 | 密集书库/ [索取号:TP391.75/250] | 在馆 | |
| 4 | 0386449 | 203864498 | 密集书库/ [索取号:TP391.75/250] | 在馆 | |
| 5 | 0386450 | 203864504 | 密集书库/ [索取号:TP391.75/250] | 在馆 |